书目信息 |
| 题名: |
有机化学
|
|
| 作者: | 于丽颖 主编 ;高等学校化学化工类规划教材编审委员会 | |
| 分册: | ||
| 出版信息: | 大连 大连理工大学出版社 2017重印 |
|
| 页数: | 506页 | |
| 开本: | 26cm | |
| 丛书名: | ||
| 单 册: | ||
| 中图分类: | O62-43 | |
| 科图分类: | ||
| 主题词: | 有机化学--you ji hua xue--高等学校--教材 | |
| 电子资源: | ||
| ISBN: | 978-7-5611-9802-5 | |
| 000 | 01350cam0 2200289 45 | |
| 001 | 012001000260 | |
| 005 | 20191108094108.53 | |
| 010 | @a978-7-5611-9802-5@dCNY55.00 | |
| 099 | @aCAL 012015138710@aCAL 012015138110 | |
| 100 | @a20151112d2015 em y0chiy50 ea | |
| 101 | 0 | @achi |
| 102 | @aCN@b210000 | |
| 105 | @aak z 000yy | |
| 106 | @ar | |
| 200 | 1 | @a有机化学@Ayou ji hua xue@d= Organic chemistry@f主编于丽颖@g组编高等学校化学化工类规划教材编审委员会@zeng |
| 205 | @a第2版 | |
| 210 | @a大连@c大连理工大学出版社@d2017重印 | |
| 215 | @a506页@c图@d26cm | |
| 300 | @a省精品课程教材,高等学校理工科化学化工类规划教材 | |
| 330 | @a本书共分十六章。主要内容有: 有机化合物分类及命名、同分异构现象、饱和烃、不饱和烃、芳香烃、卤代烃、有机化合物的结构鉴定、醇、酚、醚、醛和酮、羧酸及其衍生物、β-二羰基化合物、有机含氮化合物、杂环化合物、碳水化合物、氨基酸、蛋白质及核酸等, 每章均配有习题供读者学习使用。通过本书的学习, 可以使学生能够在较短的时间内掌握有机化学的基本知识。 | |
| 510 | 1 | @aOrganic chemistry@zeng |
| 606 | 0 | @a有机化学@Ayou ji hua xue@x高等学校@j教材 |
| 690 | @aO62-43@v5 | |
| 701 | 0 | @a于丽颖@Ayu li ying@4主编 |
| 712 | 10 | @a高等学校化学化工类规划教材编审委员会@Agao deng xue xiao hua xue hua gong lei gui hua jiao cai bian shen wei yuan hui |
| 801 | 0 | @aCN@b北京卓展文化@c20191020 |
| 905 | @b1200134-7@dO62-43@e247=2@f4 | |
| 有机化学= Organic chemistry/主编于丽颖/组编高等学校化学化工类规划教材编审委员会.-第2版.-大连:大连理工大学出版社,2017重印 |
| 506页:图;26cm |
| 省精品课程教材,高等学校理工科化学化工类规划教材 |
| ISBN 978-7-5611-9802-5:CNY55.00 |
| 本书共分十六章。主要内容有: 有机化合物分类及命名、同分异构现象、饱和烃、不饱和烃、芳香烃、卤代烃、有机化合物的结构鉴定、醇、酚、醚、醛和酮、羧酸及其衍生物、β-二羰基化合物、有机含氮化合物、杂环化合物、碳水化合物、氨基酸、蛋白质及核酸等, 每章均配有习题供读者学习使用。通过本书的学习, 可以使学生能够在较短的时间内掌握有机化学的基本知识。 |
| ● |
| 相关链接 |
|
|
|
|
正题名:有机化学
索取号:O62-43/247=2
 
预约/预借
| 序号 | 登录号 | 条形码 | 馆藏地/架位号 | 状态 | 备注 |
| 1 | 1200134 | 212001340 | 第二样本阅览室/ [索取号:O62-43/247=2] | 在馆 | |
| 2 | 1200135 | 212001359 | 第三借阅区/ [索取号:O62-43/247=2] | 在馆 | |
| 3 | 1200136 | 212001368 | 第三借阅区/ [索取号:O62-43/247=2] | 在馆 | |
| 4 | 1200137 | 212001377 | 第三借阅区/ [索取号:O62-43/247=2] | 在馆 |